US States AND State Capitals in Alphabetical Order - Statistics

General Stats
  • This quiz has been taken 1,959 times
    1,677 since last reset
  • The average score is 65 of 100
Answer Stats
State/State Capital % Correct
Alabama
99%
Alaska
96%
Albany
77%
Arizona
77%
Arkansas
77%
Annapolis
74%
Atlanta
72%
Augusta
72%
Austin
72%
California
72%
Boston
71%
Baton Rouge
70%
Bismarck
70%
Colorado
70%
Delaware
70%
Georgia
70%
Hawaii
70%
Indiana
70%
Boise
69%
Connecticut
69%
Florida
69%
Illinois
69%
Kansas
69%
Columbia
68%
Denver
68%
Honolulu
68%
Idaho
68%
Indianapolis
68%
Iowa
68%
Kentucky
68%
Louisiana
68%
Carson City
67%
Columbus
67%
Dover
67%
Charleston
66%
Cheyenne
66%
Des Moines
66%
Frankfort
66%
Jackson
66%
Jefferson City
66%
Maine
66%
Maryland
66%
Concord
65%
Michigan
65%
Mississippi
65%
Missouri
65%
Montana
65%
New Hampshire
65%
New Jersey
65%
New Mexico
65%
New York
65%
Oklahoma
65%
Helena
64%
Juneau
64%
Massachusetts
64%
Minnesota
64%
Ohio
64%
Oklahoma City
64%
Pennsylvania
64%
Wyoming
64%
Harrisburg
63%
Hartford
63%
Lansing
63%
Nebraska
63%
Nevada
63%
North Carolina
63%
North Dakota
63%
Oregon
63%
Rhode Island
63%
Lincoln
62%
South Carolina
62%
South Dakota
62%
Tennessee
62%
Utah
62%
Virginia
62%
Washington
62%
West Virginia
62%
Montgomery
61%
Sacramento
61%
Texas
61%
Vermont
61%
Little Rock
60%
Madison
60%
Olympia
60%
Tallahassee
60%
Wisconsin
60%
Montpelier
59%
Nashville
59%
Pierre
59%
Raleigh
59%
Richmond
59%
Salem
59%
Salt Lake City
59%
Santa Fe
59%
Phoenix
58%
Providence
58%
Saint Paul
57%
Springfield
56%
Topeka
56%
Trenton
55%
No matching quizzes found
Score Distribution
Percent of People with Each Score
Percentile by Number Answered
Your Score History
You have not taken this quiz since the last reset